| 000 | 00707nab a2200181 4500 | ||
|---|---|---|---|
| 001 | 244442 | ||
| 003 | OSt | ||
| 005 | 20251105131752.0 | ||
| 007 | tu | ||
| 008 | 200917s2020||||||| | ||
| 040 |
_aDE-2950 _cDE-2950 |
||
| 245 | 0 | 0 |
_aAbschied und Neustart bei Helping Hands _bVereinsarbeit. Der Helping Hands Blaue Brücke e.V. hat mit einer Abschiedstour seine Standort am Karl-Ritter-Platz aufgegeben. Nach weniger als einem Jahr zieht sich der Charity-Shop aus den Räumen zurück und plant eine Neuausrichtung/ _cred |
| 264 | _c2025 | ||
| 653 | _aFrankfurt (Oder) | ||
| 653 | _aHelping Hands | ||
| 773 | 0 |
_g36. Jahrgang (2025) Nr. 252 vom 98.10.2025, S. 15 mit Foto _tMärkische Oderzeitung |
|
| 942 |
_2z _cA |
||
| 999 |
_c374096 _d374096 |
||